003740000a22001210004500090001700000245007700017041001400094700003700108100003500145942001300180773004200193999001700235 aAsbSeriadas10aCangrejos arañas (Decapoda: Brachyura: Majoidea) del Caribe colombiano0 aEspañol1 aCampos, Néstor Hernando9356661 aCruz Castaño, Norella999920 cARTICULO1 tBiota Colombianah2q261-269d2003g4 c15671d15671